<?xml version="1.0" encoding="UTF-8"?>
<record
    xmlns:xsi="http://www.w3.org/2001/XMLSchema-instance"
    xsi:schemaLocation="http://www.loc.gov/MARC21/slim http://www.loc.gov/standards/marcxml/schema/MARC21slim.xsd"
    xmlns="http://www.loc.gov/MARC21/slim">

  <leader>00601nam a22001577a 4500</leader>
  <controlfield tag="003">OSt</controlfield>
  <controlfield tag="005">20150915163407.0</controlfield>
  <controlfield tag="008">150915b        xxu||||| |||| 00| 0 eng d</controlfield>
  <datafield tag="040" ind1=" " ind2=" ">
    <subfield code="c">RUA</subfield>
  </datafield>
  <datafield tag="082" ind1=" " ind2=" ">
    <subfield code="a">AGR KOS 2002 B028 Or.1</subfield>
  </datafield>
  <datafield tag="100" ind1=" " ind2=" ">
    <subfield code="9">547</subfield>
    <subfield code="a">KOSAL, KIRY.</subfield>
  </datafield>
  <datafield tag="245" ind1=" " ind2=" ">
    <subfield code="a">Zea mays saccharata  breeder seed production in wet season 2002 &#x1780;&#x17B6;&#x179A;&#x1795;&#x179B;&#x17B7;&#x178F;&#x1796;&#x17BC;&#x1787;&#x1787;&#x17C6;&#x179A;&#x17BE;&#x179F;&#x179C;&#x17B8;&#x1791;&#x17BC; &#x1796;&#x17C4;&#x178F;&#x1795;&#x17D2;&#x17A2;&#x17C2;&#x1798;&#x1780;&#x17D2;&#x1793;&#x17BB;&#x1784;&#x179B;&#x1780;&#x17D2;&#x1781;&#x1781;&#x17D0;&#x178E;&#x17D2;&#x178C;&#x179A;&#x178A;&#x17BC;&#x179C;&#x179C;&#x179F;&#x17D2;&#x179F;&#x17B6;&#x1786;&#x17D2;&#x1793;&#x17B6;&#x17C6; &#x17E2;&#x17E0;&#x17E0;&#x17E2;</subfield>
  </datafield>
  <datafield tag="260" ind1=" " ind2=" ">
    <subfield code="a">Phnom Penh </subfield>
    <subfield code="b">RUA</subfield>
    <subfield code="c">2002 </subfield>
  </datafield>
  <datafield tag="300" ind1=" " ind2=" ">
    <subfield code="a">76p.</subfield>
    <subfield code="b">ill.</subfield>
    <subfield code="c">29cm.</subfield>
  </datafield>
  <datafield tag="942" ind1=" " ind2=" ">
    <subfield code="2">ddc</subfield>
    <subfield code="c">AGR</subfield>
  </datafield>
  <datafield tag="999" ind1=" " ind2=" ">
    <subfield code="c">525</subfield>
    <subfield code="d">525</subfield>
  </datafield>
  <datafield tag="952" ind1=" " ind2=" ">
    <subfield code="0">0</subfield>
    <subfield code="1">0</subfield>
    <subfield code="2">ddc</subfield>
    <subfield code="4">0</subfield>
    <subfield code="6">AGR_KOS_2002_000000000000000_B028_OR_1</subfield>
    <subfield code="7">0</subfield>
    <subfield code="9">2479</subfield>
    <subfield code="a">LBB</subfield>
    <subfield code="b">LBB</subfield>
    <subfield code="c">B028</subfield>
    <subfield code="d">2015-09-15</subfield>
    <subfield code="l">4</subfield>
    <subfield code="o">AGR KOS 2002 B028 Or.1</subfield>
    <subfield code="p">RUA002168</subfield>
    <subfield code="r">2022-06-03</subfield>
    <subfield code="s">2022-05-13</subfield>
    <subfield code="w">2015-09-15</subfield>
    <subfield code="y">AGR</subfield>
  </datafield>
  <datafield tag="952" ind1=" " ind2=" ">
    <subfield code="0">0</subfield>
    <subfield code="1">0</subfield>
    <subfield code="2">ddc</subfield>
    <subfield code="4">0</subfield>
    <subfield code="6">AGR_KOS_2002_000000000000000_B028_OR_2</subfield>
    <subfield code="7">0</subfield>
    <subfield code="9">2480</subfield>
    <subfield code="a">LBB</subfield>
    <subfield code="b">LBB</subfield>
    <subfield code="c">B028</subfield>
    <subfield code="d">2015-09-15</subfield>
    <subfield code="l">3</subfield>
    <subfield code="m">1</subfield>
    <subfield code="o">AGR KOS 2002 B028 Or.2</subfield>
    <subfield code="p">RUA002096</subfield>
    <subfield code="r">2018-07-31</subfield>
    <subfield code="s">2018-07-11</subfield>
    <subfield code="w">2015-09-15</subfield>
    <subfield code="y">AGR</subfield>
  </datafield>
  <datafield tag="952" ind1=" " ind2=" ">
    <subfield code="0">0</subfield>
    <subfield code="1">0</subfield>
    <subfield code="2">ddc</subfield>
    <subfield code="4">0</subfield>
    <subfield code="6">AGR_KOS_2002_000000000000000_B028_OR_3</subfield>
    <subfield code="7">0</subfield>
    <subfield code="9">2481</subfield>
    <subfield code="a">LBB</subfield>
    <subfield code="b">LBB</subfield>
    <subfield code="c">B028</subfield>
    <subfield code="d">2015-09-15</subfield>
    <subfield code="l">1</subfield>
    <subfield code="o">AGR KOS 2002 B028 Or.3</subfield>
    <subfield code="p">RUA002024</subfield>
    <subfield code="r">2022-06-01</subfield>
    <subfield code="s">2022-05-13</subfield>
    <subfield code="w">2015-09-15</subfield>
    <subfield code="y">AGR</subfield>
  </datafield>
  <datafield tag="952" ind1=" " ind2=" ">
    <subfield code="0">0</subfield>
    <subfield code="1">0</subfield>
    <subfield code="2">ddc</subfield>
    <subfield code="4">0</subfield>
    <subfield code="6">AGR_KOS_2002_000000000000000_B028_OR_4</subfield>
    <subfield code="7">0</subfield>
    <subfield code="9">2482</subfield>
    <subfield code="a">LBB</subfield>
    <subfield code="b">LBB</subfield>
    <subfield code="c">B028</subfield>
    <subfield code="d">2015-09-15</subfield>
    <subfield code="l">3</subfield>
    <subfield code="o">AGR KOS 2002 B028 Or.4</subfield>
    <subfield code="p">RUA002462</subfield>
    <subfield code="r">2020-11-11</subfield>
    <subfield code="s">2020-10-07</subfield>
    <subfield code="w">2015-09-15</subfield>
    <subfield code="y">AGR</subfield>
  </datafield>
</record>
